000 01098cam a2200325 a 4500
001 18315689
003 ARRUPE
005 20150122151240.0
008 140925s2013 za a b 000 0 eng d
010 _a 2014321002
020 _a9789982680011
020 _a9982680013
035 _a(OCoLC)ocn863197910
040 _aBTCTA
_beng
_cBTCTA
_dYDXCP
_dOL$
_dNUI
_dDEBBG
_dZWZ
_dDLC
042 _alccopycat
_alcode
043 _afc-----
050 0 0 _aGN485.5.K14 2013
082 0 4 _a393.0967
_223
084 _aLB 43880
_2rvk
100 1 _aKalusa, Walima Tuesday,
_d1964-
_913552
245 1 0 _aDeath, belief and politics in Central African history /
_cWalima T. Kalusa and Megan Vaughan.
260 _aLusaka, Zambia :
_bLembani Trust,
_c2013.
300 _axxv, 384 p. :
_bill. ;
_c24 cm.
504 _aIncludes bibliographical references (p. 355-384).
650 _aFuneral rites
_zAfrica, Central
_914573
700 1 _aVaughan, Megan.
_96142
906 _a7
_bcbc
_ccopycat
_d3
_encip
_f20
_gy-gencatlg
942 _2lcc
_cMONOGRAPH
999 _c121537
_d121537